Ready to rock : (Record no. 84171)
[ view plain ]
| 000 -LEADER | |
|---|---|
| fixed length control field | 00508nam a22001817a 4500 |
| 005 - DATE AND TIME OF LATEST TRANSACTION | |
| control field | 20140722114145.0 |
| 010 ## - LCCN (DPL NO) | |
| LC control number | ENG-109997 |
| 020 ## - INTERNATIONAL STANDARD BOOK NUMBER | |
| Terms of availability | 399.00 |
| International Standard Book Number | 9789381542064 |
| 035 #E - SYSTEM CONTROL NUMBER | |
| System control number | EN-93530 |
| 037 ## - SOURCE OF ACQUISITION | |
| Source of stock number/acquisition | DBAD/PUB |
| 082 ## - DEWEY DECIMAL CLASSIFICATION NUMBER | |
| Classification number | S |
| 100 ## - MAIN ENTRY--PERSONAL NAME | |
| Personal name | Chatterjee, Ronen |
| 245 00 - TITLE STATEMENT | |
| Title | Ready to rock : |
| Statement of responsibility, etc | by Ronen Chatterjee |
| Remainder of title | power struggle / |
| 260 ## - PUBLICATION, DISTRIBUTION, ETC. (IMPRINT) | |
| Place of publication, distribution, etc | Goa |
| Name of publisher, distributor, etc | CinnamonTeal |
| Date of publication, distribution, etc | 2011 |
| 270 ## - ADDRESS | |
| Address | Plot No 16,Gogal, Housing Board Colony |
| City | Margao Goa |
| Postal code | 403601 |
| 300 ## - PHYSICAL DESCRIPTION | |
| Extent | 264p. |
| Dimensions | 23cm(pbk) |
| 942 ## - ADDED ENTRY ELEMENTS (KOHA) | |
| Source of classification or shelving scheme | Dewey Decimal Classification |
| Item type | English Books |
| Call number suffix | CHA |
| Classification part | S |
| Withdrawn status | Lost status | Not for loan | Collection code | Home library | Current library | Date acquired | Source of acquisition | Cost, normal purchase price | Full call number | Barcode | Copy number | Cost, replacement price | Koha item type |
|---|---|---|---|---|---|---|---|---|---|---|---|---|---|
| Not For Loan | Fiction | D.B.Act.Division | D.B.Act.Division | 12/05/2014 | DBAD/PUB | 399.00 | S CHA | EN-93530 | 1 | 399.00 | English Books |
